England City to County - Statistics

General Stats
  • This quiz has been taken 220 times
    178 since last reset
  • The average score is 14 of 16
Answer Stats
City County % Correct
Lincoln Lincolnshire
96%
Cambridge Cambridgeshire
93%
Norwich Norfolk
92%
Brighton East Sussex
91%
Liverpool Merseyside
91%
Plymouth Devon
90%
Canterbury Kent
90%
Manchester Greater Manchester
89%
Ipswich Suffolk
89%
Colchester Essex
86%
Sheffield South Yorkshire
84%
Carlisle Cumbria
83%
Bournemouth Dorset
80%
Bath Somerset
80%
Newcastle Tyne and Wear
77%
Reading Berkshire
73%
No matching quizzes found
Score Distribution
Percent of People with Each Score
Percentile by Number Answered
Your Score History
You have not taken this quiz since the last reset